00275nam a2200097 a 450008200140000010000190001424500700003326000440010330000070014765000230015400a297.7 ARI aArif Ali, Asma aHyderabad Ke Deeni Madaaris Men Sunni Muslim Ladkiyon Ki Tarbiyat aHyderabadbHenry Martyn Institutec2002 a65 aIslam-Institutions